LEADER 00967cam0-22002891i-450- 001 990007888340403321 005 20040601093029.0 035 $a000788834 035 $aFED01000788834 035 $a(Aleph)000788834FED01 035 $a000788834 100 $a20040524d1852----km-y0itay50------ba 101 0 $aita 102 $aIT 200 1 $aRisposta di Vincenzo Gioberti a Urbano Rattazzi sopra alcune avvertenze di Filippo Gualterio al generale Dabormida 210 $aTorino$cBocca$d1852 215 $a157 p.$d24 cm 610 0 $aGioberti, Vincenzo$aPolemica con Urbano Rattazzi 676 $a945.08$v19 700 1$aGioberti,$bVincenzo$f<1801-1852>$068480 801 0$aIT$bUNINA$gRICA$2UNIMARC 901 $aBK 912 $a990007888340403321 952 $aXXXII ANT. 204$b36335$fFSPBC 959 $aFSPBC 996 $aRisposta di Vincenzo Gioberti a Urbano Rattazzi sopra alcune avvertenze di Filippo Gualterio al generale Dabormida$9668788 997 $aUNINA LEADER 01984nam 2200493 450 001 9910704921103321 005 20131218162443.0 035 $a(CKB)5470000002446537 035 $a(OCoLC)865557337 035 $a(EXLCZ)995470000002446537 100 $a20131218d1986 ua 0 101 0 $aeng 135 $aurbn||||||||| 181 $ctxt$2rdacontent 182 $cc$2rdamedia 183 $acr$2rdacarrier 200 12$aA variational assimilation method for satellite and conventional data $edevelopment of basic model for diagnosis of cyclone systems /$fG.L. Achtemeier [and six others] 210 1$a[Washington, DC] :$cNational Aeronautics and Space Administration, Scientific and Technical Information Branch,$d1986. 215 $a1 online resource (iii, 223 pages) $cillustrations, maps 225 1 $aNASA contractor report ;$v3981 300 $aTitle from title screen (viewed on Dec. 18, 2013). 300 $a"May 1986." 300 $a"Prepared for George C. Marshall Space Flight Center under Contract NAS8-34902." 320 $aIncludes bibliographical references (page 221). 517 $aVariational assimilation method for satellite and conventional data 606 $aAtmospheric circulation$2nasat 606 $aEarth (planet)$2nasat 606 $aMeteorological satellites$2nasat 606 $aTroposphere$2nasat 606 $aWeather$2nasat 615 7$aAtmospheric circulation. 615 7$aEarth (planet) 615 7$aMeteorological satellites. 615 7$aTroposphere. 615 7$aWeather. 700 $aAchtemeier$b Gary L.$f1943-$01395298 712 02$aGeorge C. Marshall Space Flight Center, 712 02$aUnited States.$bNational Aeronautics and Space Administration.$bScientific and Technical Information Branch, 801 0$bGPO 801 1$bGPO 906 $aBOOK 912 $a9910704921103321 996 $aA variational assimilation method for satellite and conventional data$93481122 997 $aUNINA